000 00546nam a22001937a 4500
003 KOHA_MİRAKIL
005 20250411133550.0
008 250411b tu ||||| |||| 00| 0 tur d
020 _a9786052112977
040 _aTR-AnABB
_btur
_cTR-AnABB
041 _atur
082 _a808.06834
_bNEY 2020
100 1 _aNeydim, Necdet,
245 1 0 _aÇeviri Çocuk Edebiyatı /
_cNecdet Neydim
260 _aİstanbul :
_bBilgiyolu Yayıncılık,
_c2020
300 _a140 sayfa ;
_c21 cm
650 0 4 _aTürk edebiyatı, roman
942 _2ddc
_cBK
999 _c8641
_d8641
900 _bGizem YORULMAZ